|
|
|
|
| LEADER |
00724nam a22002177a 4500 |
| 001 |
AAL3123 |
| 003 |
BD-DhAAL |
| 005 |
20160508174101.0 |
| 008 |
160508s 1998ii a|||| |||| 00| 0 eng d |
| 020 |
|
|
|a 8175120150
|
| 040 |
|
|
|a BD-DhAAL
|c BD-DhAAL
|
| 082 |
|
|
|a 658.3
|
| 245 |
|
|
|a Personnel management handbook /
|
| 260 |
|
|
|a New Delhi :
|b Global books and subscription services,
|c 1998
|
| 300 |
|
|
|a xxi, 227 p. :
|b ill. ;
|c 28 cm.
|
| 541 |
|
|
|e 3123
|
| 650 |
|
|
|a Personnel management.
|9 19438
|
| 852 |
|
|
|a Savar Campus Library
|c General Shelf
|
| 942 |
|
|
|2 ddc
|c BK
|
| 999 |
|
|
|c 37529
|d 37529
|
| 952 |
|
|
|0 0
|1 0
|2 ddc
|4 0
|6 658_300000000000000_PER
|7 0
|9 58934
|a SCL
|b SCL
|c GEN
|d 2016-05-08
|l 0
|o 658.3 PER
|p 3020003123
|r 2016-05-08
|t 1
|w 2016-05-08
|y BK
|